000 00517nam a2200145 i 4500
001 82508
003 ES-MaACL
005 20230906174702.0
007 t|
008 041110s1924 sp ||||1| spa d
245 0 0 _aInforme remitido al Ministerio de la Gobernación sobre el Proyecto de Adaptación del Decreto-Ley de oragnización... y régimen peculiar de las provincias vascongadas.
260 _a[San Sebastián?] :
_bNueva Editorial,
_c1924.
300 _a44 p. ;
_c24 cm.
852 _aES-MaACL
_j1675-F-4
_bR.4645
999 _c82508
_d82508